Quick Pick: Number 'One' Songs Quiz Stats

 Plays Quiz Updated Nov 11, 2017

Score 0/16 Timer 01:30
6 Plays Today
% Correct
Away
93.1%
Time
92.5%
Way
90.1%
Bangkok
89.4%
Baby
87.7%
Us
87.5%
Moment
84.5%
Road
80.8%
% Correct
More
76.6%
Reason
73.9%
Love
73.7%
Night
68.7%
Last
68.4%
Radio
65.7%
Try
46.4%
Vision
45%

Today's Daily Dose

You're not logged in!

Compare scores with friends on all Sporcle quizzes.
OR
Log In

You Might Also Like...

Show Comments

Extras

Top Quizzes Today


Score Distribution

Your Account Isn't Verified!

In order to create a playlist on Sporcle, you need to verify the email address you used during registration. Go to your Sporcle Settings to finish the process.

Report this User

Report this user for behavior that violates our Community Guidelines.

Details: